00238pam a2200109 a 4500020000500000041000800005082000800013100002400021245003900045260003300084300001100117 c aeng bBHA aManisha Bharambhe . aData Analytics hTextual Documents aPunebNirali Prakashanc2022 a4.58p.